MARC details
| 000 -CABECERA |
| campo de control de longitud fija |
02256nam a22003017a 4500 |
| 003 - IDENTIFICADOR DEL NÚMERO DE CONTROL |
| campo de control |
MX-MxUPN |
| 005 - FECHA Y HORA DE LA ÚLTIMA TRANSACCIÓN |
| campo de control |
20241031101020.0 |
| 007 - CAMPO FIJO DE DESCRIPCIÓN FÍSICA--INFORMACIÓN GENERAL |
| campo de control de longitud fija |
cr |||aaa||||| |
| 008 - ELEMENTOS DE LONGITUD FIJA--INFORMACIÓN GENERAL |
| campo de control de longitud fija |
241029s2020 mx ad||go|||| 00| 0 spa d |
| 020 ## - NÚMERO INTERNACIONAL NORMALIZADO PARA LIBROS |
| Número Internacional Estándar del Libro |
9786076331699 |
| 040 ## - FUENTE DE LA CATALOGACIÓN |
| Centro catalogador/agencia de origen |
MX-MxUPN |
| Lengua de catalogación |
spa |
| Centro/agencia transcriptor |
MX-MxUPN |
| Normas de descripción |
aacr2 |
| 041 ## - CÓDIGO DE IDIOMA |
| Código de lengua del texto/banda sonora o título independiente |
spa |
| 050 04 - SIGNATURA TOPOGRÁFICA DE LA BIBLIOTECA DEL CONGRESO |
| Número de clasificación |
HV6570.4 M6 |
| 245 00 - MENCIÓN DE TÍTULO |
| Título |
Abuso sexual infantil en México : |
| Resto del título |
un abordaje interdisciplinario |
| Medio |
[recurso electrónico en línea] |
| 250 ## - MENCIÓN DE EDICIÓN |
| Mención de edición |
Primera edición |
| 260 ## - PUBLICACIÓN, DISTRIBUCIÓN, ETC. |
| Lugar de publicación, distribución, etc. |
Toluca, Estado de México : |
| Nombre del editor, distribuidor, etc. |
Universidad Autónoma del Estado de México, |
| Fecha de publicación, distribución, etc. |
2020. |
| 300 ## - DESCRIPCIÓN FÍSICA |
| Extensión |
1 recurso en línea (231 páginas) : |
| Otras características físicas |
ilustraciones, gráficas, PDF |
| 504 ## - NOTA DE BIBLIOGRAFÍA, ETC. |
| Nota de bibliografía, etc. |
Incluye bibliografía. |
| 505 0# - NOTA DE CONTENIDO CON FORMATO PREESTABLECIDO |
| Título |
Capitulo I. Panorama histórico de la educación sexual infantil en México / |
| Mención de responsabilidad |
Leonor Guadalupe Delgadillo Guzmán, José Arce Valdez y Thalia Stephanie Guadarrama Bedolla --<br/> |
| Título |
Capítulo II. La educación sexual infantil actual en México, una aproximación documental desde la psicología / |
| Mención de responsabilidad |
Thalia Stephanie Guadarrama Bedolla, Leonor Guadalupe Delgadillo Guzmán y José Arce Valdez -- |
| Título |
Capítulo III. Convencionalidad y educación sexual infantil / |
| Mención de responsabilidad |
Leonor Guadalupe Delgadillo Guzmán -- |
| Título |
Capítulo IV. Interacción social y límites corporales en menores, una escala para evaluar indefensión sexual en menores / |
| Mención de responsabilidad |
Leonor Guadalupe Delgadillo Guzmán y José Arce Valdez -- |
| Título |
Capítulo V. Escala de secretos peligrosos y no peligrosos : percepción de riesgo de abuso sexual en menores / |
| Mención de responsabilidad |
Leonor Guadalupe Delgadillo Guzmán, José Arce Valdez y Magdalena Velázquez Velázquez -- |
| Título |
Capítulo VI. Análisis del conocimiento adquirido en materia de sexualidad en menores de edad / |
| Mención de responsabilidad |
José Javier Flores Armas, Leonor Guadalupe Delgadillo Guzmán y José Arce Valdez -- |
| Título |
Conclusiones generales de la obra / |
| Mención de responsabilidad |
Leonor Guadalupe Delgadillo Guzmán y José Arce Valdez. |
| 506 0# - NOTA DE RESTRICCIONES AL ACCESO |
| Limitaciones de acceso |
Acceso abierto. |
| 650 #4 - ASIENTO SECUNDARIO DE MATERIA - TERMINO TEMATICO |
| Término de materia o nombre geográfico como elemento de entrada |
Abuso sexual de niños |
| Subdivisión geográfica |
México |
| 9 (RLIN) |
23179 |
| 650 #2 - ASIENTO SECUNDARIO DE MATERIA - TERMINO TEMATICO |
| Término de materia o nombre geográfico como elemento de entrada |
Educacion sexual para niños |
| 9 (RLIN) |
3578 |
| 700 1# - ASIENTO SECUNDARIO--NOMBRE DE PERSONAL |
| Nombre de persona |
Delgadillo Guzmán, Leonor Guadalupe |
| 9 (RLIN) |
54362 |
| Término indicativo de función/relación |
compilación |
| 700 1# - ASIENTO SECUNDARIO--NOMBRE DE PERSONAL |
| Nombre de persona |
Arce Valdez, José |
| 9 (RLIN) |
54363 |
| Término indicativo de función/relación |
compilación |
| 856 40 - LOCALIZACIÓN Y ACCESO ELECTRÓNICOS |
| Identificador Uniforme del Recurso |
<a href="http://hdl.handle.net/20.500.11799/108994">http://hdl.handle.net/20.500.11799/108994</a> |
| 902 ## - ELEMENTOS DE DATOS B LOCAL, LDB (RLIN) |
| Modificó |
MaríaRobles/291024 |
| 942 ## - ELEMENTOS DE PUNTO DE ACCESO ADICIONAL (KOHA) |
| Fuente del sistema de clasificación o colocación |
Library of Congress Classification |
| Tipo de ítem Koha |
Libro Electrónico |